Základy výživy

Na minha lista:
Detalhes bibliográficos
Main Authors: Miko, Milan, 1935-, Janíček, Gustav (Author), Kajaba, Igor, 1936- (Author)
Formato: Livro
Idioma:eslovaco
Publicado em: Bratislava Slovenská vysoká škola technická 1988
Edição:1. vyd.
Assuntos:
Acesso em linha:View in OPAC
Tags: Adicionar Tag
Sem tags, seja o primeiro a adicionar uma tag!

MARC

LEADER 00000nam a2200000 a 4500
005 20260127133953.0
008 180814s1988 xo 0 slo
015 |a SNBA1988/06 
020 |c 20,50 Kčs. (350 výtl.) 
035 |a vtls001124327 
035 |a SNK000067170 
039 9 |a 201808142120  |b VLOAD  |c 201610061613  |d VLOAD  |c 201604191026  |d AUTHORITY  |c 201604191023  |d AUTHORITY  |y 200412250443  |z VLOAD 
040 |a SNK  |b slo  |c SNK  |d STUSCHK1  |e AACR2 
041 0 |a slo 
044 |a xo  |c SK 
080 |a 613.2(075.8)  |2 1981 
100 1 |a Miko, Milan,  |d 1935-  |9 238 
245 0 |a Základy výživy  |c Milan Miko, Gustav Janíček, Igor Kajaba 
250 |a 1. vyd. 
260 |a Bratislava  |b Slovenská vysoká škola technická  |c 1988  |e Bratislava  |f Edičné stredisko SVŠT 
300 |a 329 s., 26,936 AH  |c 29 cm 
500 |a Lit. 46. Schválil rektor SVŠT v Bratislave ako skriptá. Rozmn. 46 zázn. v slov., češ., nem. a angl. 
650 0 7 |a [BK]  |2 SNK 
700 1 |a Janíček, Gustav  |4 aut  |9 418 
700 1 |a Kajaba, Igor,  |d 1936-  |4 aut  |9 727 
910 |a SCHK95 
954 |a výživa  |x základy  |x učebnice VŠ 
958 |a NB 
958 |a RM 
958 |a UV 
999 |c 1182  |d 1182